Qui dirige dans l'Union Européenne en septembre 2024 ? - Statistiques

Statistiques générales
  • Ce quiz a été pris 12 fois
  • Le résultat moyen est 10 sur 53
Statistiques - réponses
Hint Réponse % Correct
France Président de la République Emmanuel {Macron}
100%
Italie Première ministre Giorgia {Meloni}
100%
France Premier ministre Michel {Barnier}
100%
Allemagne Chancelier Olaf {Scholz}
100%
Espagne Roi {Felipe} VI
70%
Pologne Premier ministre Donald {Tusk}
60%
Hongrie Premier ministre Viktor {Orbán}
60%
Allemagne Président fédéral Frank-Walter {Steinmeier}
50%
Espagne Premier ministre Pedro {Sanchez}
50%
Belgique Roi {Philippe}
40%
Belgique Premier ministre Alexander {De Croo}
30%
Autriche Président fédéral Alexander {Van der Bellen}
30%
Danemark Roi {Frederick} X
30%
Luxembourg Grand-duc {Henri}
30%
Italie Président de la République Sergio {Mattarella}
30%
Pologne Président de la République Andrzej {Duda}
20%
Irlande Président Michael D. {Higgins}
20%
Slovaquie Président du gouvernement Robert {Fico}
20%
Croatie Premier ministre Andrej {Plenkovic}
10%
Suède Roi {Carl} XVI {Gustaf}
10%
Roumanie Président de la République Klaus {Iohannis}
10%
Luxembourg Premier ministre Luc {Frieden}
10%
Portugal Premier ministre Luís {Montenegro}
10%
Portugal Président de la République Marcelo {Rebelo de Sousa}
10%
Slovaquie Président de la République Peter {Pellegrini}
10%
Bulgarie Président de la République Roumen {Radev}
10%
Croatie Président de la République Zoran {Milanovic}
10%
Estonie Président de la République Alar {Karis}
0%
Finlande Président de la République Alexander {Stubb}
0%
Pays-Bas Premier ministre Dick {Schoof}
0%
Bulgarie Premier ministre Dimitar {Glavchev}
0%
Lettonie Président de la République Edgars {Rinkevicq}
0%
Grèce Présidente de la République Ekaterini {Sakellaropoulou}
0%
Lettonie Première ministre Evika {Silina}
0%
Lituanie Président de la République Gitanas {Nausėda}
0%
Lituanie Première ministre Ingrida {Šimonytė}
0%
Autriche Chancelier Karl {Nehammer}
0%
Estonie Premier ministre Kristen {Michal}
0%
Grèce Premier ministre Kyriákos {Mitsotákis}
0%
Roumanie Premier ministre Marcel {Ciolacu}
0%
Danemark Première ministre Mette {Frederiksen}
0%
Malte Présidente de la République Myriam {Spiteri Debono}
0%
Slovénie Présidente de la République Nataša {Pirc Musar}
0%
Chypre Président de la République Nikos {Christodoulidis}
0%
Finlande Premier ministre Peteri {Orpo}
0%
Tchéquie Premier ministre Petr {Fiala}
0%
Tchéquie Président de la République Petr {Pavel}
0%
Malte Premier ministre Robert Abela}
0%
Slovénie Président du gouvernement Robert {Golob}
0%
Irlande Taoiseach Simon {Harris}
0%
Hongrie Président de la République Tamás {Sulyok}
0%
Suède Premier ministre Ulf {Kristersson}
0%
Pays-Bas Roi {Willem-Alexander}
0%
Aucun quiz correspondant
Distribution des résultats
% des personnes avec chaque résultat
Percentile par nombre de réponses
Votre historique - résultats
Vous n’avez pas pris ce quiz